| 000 | 00380nam a2200157Ia 4500 | ||
|---|---|---|---|
| 008 | 210716s2003 xx 000 0 und d | ||
| 020 | _a8178811251 | ||
| 041 | _aeng | ||
| 082 | _a332.632 BHAR | ||
| 100 | _aBhaskaran, R. | ||
| 245 | _aFinancial risk management. | ||
| 250 | _a1 | ||
| 260 |
_aHyderabad _bICFAI University Press _c2003 |
||
| 300 | _aix,166 | ||
| 650 | _aFinance | ||
| 999 |
_c202343 _d202343 |
||